000 00472nam a22001577a 4500
003 BD-ChCU
005 20260203095713.0
008 260203b bg ||||| |||| 00| 0 ben d
040 _cBD-ChCU
082 _a297.092 TAP
100 _aTaha Husain.
_920032
245 _aA passage to France : the third volume of the autobiography of Taha Husain.//
_cTaha Husain
260 _aLeidan.
_bE. J. Brill
_c1976
650 0 _aTaha Husain - Biography.
_920034
942 _2ddc
_cBK
_n0
999 _c111447
_d111447